00746nam a2200181Ia 4500008004100000020001800041082001900059100002600078245011500104250000600219260002400225300001000249650005200259700004400311952009600355952009600451999001700547120629s9999 xx 000 0 und d a970-07-5270-4 a343.0972 A185d aAcosta Romero, Miguel aDelitos especiales : doctrina -legislación-jurisprudencia / Miguel Acosta Romero, Eduardo López Betancourt a7 aMéxico : Porrúa a854 p a1. PENAL-DERECHO-MEXICO \ 2. LEGISLACION-MEXICO aLópez Betancourt, Eduardo; coaut. Ì 00104070a15b15d2006-07-13l0o343.0972 A185Dp15 001335r2017-12-07t1w2012-06-28yLB 00104070a15b15d2006-07-13l0o343.0972 A185Dp15 001336r2017-12-07t2w2012-06-28yLB c75010d75010